| 000 | 00385nam a2200169Ia 4500 | ||
|---|---|---|---|
| 008 | 210210b1949 xxu||||| |||| 00| 0 eng d | ||
| 041 | _aeng | ||
| 082 | _a829/147 | ||
| 100 | _aCOLLINS (W) | ||
| 245 | _aWoman in white | ||
| 260 |
_aLondon _bOxford University Press _c1949 |
||
| 650 | _aWoman | ||
| 650 | _awhite | ||
| 650 | _ain | ||
| 690 | _aEnglish Fiction | ||
| 906 | _a016753 | ||
| 999 |
_c136433 _d136433 |
||